Nova Totius Terrarum Orbis Geographica Ac Hydrographica Tabula: Svět: Amerika

Na minha lista:
Detalhes bibliográficos
Autor principal: Blaeu, Willem Janszoon (Author)
Formato: Mapa
Idioma:eslovaco
latim
Publicado em: Amsterdam: Gul Janssonio, 1617
Tags: Adicionar Tag
Sem tags, seja o primeiro a adicionar uma tag!

MARC

LEADER 00000nem a22000003a 4500
001 0071649
003 SK-STU
005 20190212104555.3
007 aj-canzn
008 190212s ----xo--z-----a-----0---slo-d
040 |a STU  |b slo 
041 0 |a lat 
044 |a ne 
100 1 |a Blaeu, Willem Janszoon  |4 aut  |r Z6 
245 1 0 |a Nova Totius Terrarum Orbis Geographica Ac Hydrographica Tabula:  |b Svět: Amerika  |h [kartografický dokument]  |c aut. Willem Janszoon Blaeu 
260 |a Amsterdam:  |b Gul Janssonio,  |c 1617 
300 |c 54,61 x 41,91 cm 
500 |a Replika historickej mapy 
996 |c V* 52844/O-24001  |l VV11  |s P  |a 0  |w 0071649_0001